000 00909nam a2200265 i 4500
001 bg
100 1 _aSzymańska, Elżbieta.
245 0 _aAnaliza przedsiębiorstw agrobiznesu :
_b(techniczno-ekonomiczna, finansowa i strategiczna) /
_cElżbieta Szymańska.
260 _aWarszawa :
_bWydawnictwo "Wieś Jutra",
_c2007.
300 _a152 s. ;
_c24 cm.
504 _aBibliogr. przy rozdz.
521 _aPodręcznik dla studentów uczelni rolniczych.
650 9 _aAgrobiznes
_xekonomika
650 9 _aPrzedsiębiorstwo
_xekonomia
_xbadanie
655 _aPodręczniki akademickie
020 _a8389503379
040 _cBPK
041 0 _apol
044 _apol
080 _a338.43:658.1/.5:005.2](075.8)
920 _a83-89503-37-9
942 _cKS
008 s pl f |000 0 pol
999 _c54004
_d54004
856 _uhttp://koha.tu.koszalin.pl/cgi-bin/koha/opac-detail.pl?biblionumber=54004
_yKatalog online BPK